| 000 | 00521cab a22001695a 4500 | ||
|---|---|---|---|
| 001 | L158377 | ||
| 008 | 150126e2015 xxk 000 0 eng d | ||
| 035 | _a(Sirsi) u158377 | ||
| 041 | 0 | _aeng | |
| 100 | 1 | _aSchouten, Charlie | |
| 245 | 0 | 0 | _aUK outperforms its euro rivals amid the eu stagnation |
| 490 |
_aConstruction News _v(7385) 16 JANUARY 2015, 32-33(2) |
||
| 520 | _aDiscusses UK construction output in relation to its European neighbours. | ||
| 650 | 2 | 4 | _aCONSTRUCTION |
| 651 | 4 |
_aUnited Kingdom _y |
|
| 942 | _n0 | ||
| 999 |
_c84581 _d84581 |
||